Statistieken voor Kaart van West-Afrika Quiz

Klik hier om de quiz te nemen!

Algemene statistieken

  • Deze quiz is 1.135 keer genomen
  • De gemiddelde score is 13 van 16

Antwoorden op de kaart

Antwoorden kleurgecodeerd door een groen-rode schaal op de quizkaart volgens % correct hieronder.
Laden...
 

Antwoordstatistieken

Antwoord% Correct
Mali
90%
Niger
89%
Nigeria
89%
Kaap Verdië
89%
Mauritanië
88%
Ivoorkust
85%
Senegal
84%
Togo
82%
Burkina Faso
80%
Gambia
79%
Guinee-Bissau
77%
Ghana
76%
Sierra Leone
76%
Liberia
74%
Benin
73%
Guinee
70%

Scoreverdeling

Percentiel versus Aantal Correcte Antwoorden

Procent van Mensen met Elke Score

Uw Scoregeschiedenis

U heeft deze quiz nog niet genomen